Delegace a rozhodování

Delegácia úloh a kompetencií, decentralizácia rozhodovania a spolurozhodovania patria k denným činnostiam vedúcich pracovníkov. Terminologické nedostatky v tejto oblasti. Výklad základných pojmov tejto problematiky: delegácia úloh, delegácia kompetencií, rozhodovanie, výhody a riziká decentralizácie...

Descrizione completa

Salvato in:
Dettagli Bibliografici
Autore principale: Buchta, M.
Natura: Capitolo di libro
Lingua:ceco
Soggetti:
Tags: Aggiungi Tag
Nessun Tag, puoi essere il primo ad aggiungerne!!

MARC

LEADER 00000naa a2200000 4500
001 r015498
005 20221213082402.0
041 0 |a cze 
044 |a CZ 
245 1 0 |a Delegace a rozhodování  |c M. Buchta 
520 |a Delegácia úloh a kompetencií, decentralizácia rozhodovania a spolurozhodovania patria k denným činnostiam vedúcich pracovníkov. Terminologické nedostatky v tejto oblasti. Výklad základných pojmov tejto problematiky: delegácia úloh, delegácia kompetencií, rozhodovanie, výhody a riziká decentralizácie rozhodovania, rozhodovacie kompetencie, spolurozhodovanie, výhody spolurozhodovania. 
610 2 0 |a delegovanie právomoci 
610 2 0 |a rozhodovanie podnikové 
610 2 0 |a deľba práce 
100 1 |a Buchta, M.